000 00285nam a22001217a 4500
008 180125b xxu||||| |||| 00| 0 eng d
041 _aeng
080 _a330.722.6
100 _a62
101 _akon
245 _afinancial and managerial accouting
_cbelverd.e.n
942 _2udc
_cBK
999 _c40930
_d40930